| 000 | 00541nam a22001697a 4500 | ||
|---|---|---|---|
| 003 | BD-ChCU | ||
| 005 | 20251109090226.0 | ||
| 008 | 251109b bg ||||| |||| 00| 0 ben d | ||
| 040 | _cBD-ChCU | ||
| 082 | _a184 SIL | ||
| 100 |
_aSinaiko, Herman L. _915640 |
||
| 245 |
_aLove, Knowledge and discourse in Plato : _bdialogue and dialectic in phaedrus, republic, parmenides.// _cHerman L. Sinaiko. |
||
| 260 |
_aChicago. _bUniv, of Chicago Press. _c1965 |
||
| 300 | _axii, 314p | ||
| 650 | 0 |
_aPhilosophy - Ancient. _915642 |
|
| 942 |
_2ddc _cBK _n0 |
||
| 999 |
_c109176 _d109176 |
||